| 000 | 00642 a2200181 4500 | ||
|---|---|---|---|
| 020 | _a9812700080 | ||
| 020 | _a9789812700087 | ||
| 082 | _a530.12 | ||
| 090 |
_c1036 _d1036 |
||
| 100 | 1 | _aKleinert, Hagen. | |
| 245 | 1 | 0 |
_aPath integrals in quantum mechanics, statistics, polymer physics, and financial markets / _cHagen Kleinert. |
| 250 | _a4th ed. | ||
| 260 |
_a[S.l.] : _bWorld Scientific Pub Co Inc, _c2006. |
||
| 300 |
_a1592 p. ; _c26 cm. |
||
| 700 | _aKleinert, Hagen. | ||
| 942 |
_aSNS _cBK _k530.12 KLE |
||
| 999 |
_c29654 _d29654 |
||